Star Wars Last Names - Statistics

General Stats
  • This quiz has been taken 162 times
  • The average score is 13 of 16
Answer Stats
First Last % Correct
Luke Skywalker
99%
Obi-Wan Kenobi
98%
Han Solo
98%
Boba Fett
96%
Mace Windu
93%
Leia Organa
89%
Padmé Amidala
88%
Qui-Gon Jinn
85%
Ahsoka Tano
81%
Poe Dameron
80%
Sheev Palpatine
73%
Owen Lars
72%
Mon Mothma
70%
Wedge Antilles
68%
Wilhuff Tarkin
52%
Gial Ackbar
23%
No matching quizzes found
Score Distribution
Percent of People with Each Score
Percentile by Number Answered
Your Score History
You have not taken this quiz